Chanteurs et musiciens en F (par images). - Statistiques

Statistiques générales
  • Ce quiz a été pris 546 fois
  • Le résultat moyen est 7 sur 16
Statistiques - réponses
Par images Réponse % Correct
Patrick Fiori
90%
Mylène Farmer
89%
Lara Fabian
84%
La Fouine
79%
Fianso
61%
Aretha Franklin
54%
Luis Fonsi
49%
Frédéric François
39%
Freeze Corleone
35%
Jean Ferrat
34%
Nino Ferrer
26%
Flo Rida
23%
Future
21%
Ella Fitzgerald
18%
Fleetwood Mac
13%
Marianne Faithfull
2%
Aucun quiz correspondant
Distribution des résultats
% des personnes avec chaque résultat
Percentile par nombre de réponses
Votre historique - résultats
Vous n’avez pas pris ce quiz